000 01042nam a2200265 c 4500
001 000030520
003 RuMoIPM
005 20260507112619.0
008 230210s1984 ru ||||||| |||| ||rus d
035 _a(RuMoBEN) 002029204
035 _a(ELAR retro) [2022] 000121776
040 _aRuMoBEN
_brus
_ercr
041 0 _arus
044 _aru
080 _a51(075.8)
245 1 0 _aСборник задач по математике для втузов
_bСпециальные курсы
_c[Э. А. Вуколов, А. В. Ефимов, В. Н. Земсков и др.] ; Под ред. А. В. Ефимова
260 _aМосква
_bНаука
_c1984
300 _a608 с.
500 _aАвт. указаны на обороте тит. л.
504 _aБиблиогр.: с. 606-607
700 1 _aВуколов, Эдуард Александрович
700 1 _aЗемсков, Владимир Николаевич
700 1 _aЕфимов, Александр Васильевич
_eавт.
_eред.
942 _cBK
999 _c30520
_d30520